Property investment appraisal
| Main Author: | |
|---|---|
| Other Authors: | |
| Format: | Book |
| Published: |
London :
Routledge ,
1988
|
| Subjects: |
MARC
| LEADER | 00000cam a2200000 7i4500 | ||
|---|---|---|---|
| 001 | 0000001637 | ||
| 005 | 20030128.0 | ||
| 040 | |a INS | ||
| 090 | 0 | 0 | |a HD1375 |b B349 1988 |
| 100 | 1 | |a Baum, Andrew | |
| 245 | 1 | 0 | |a Property investment appraisal |c Andrew Baum |
| 260 | |a London : |b Routledge , |c 1988 | ||
| 300 | |a xi, 264p ; |c 23cm. | ||
| 651 | 0 | |a Great Britain |x Real Property | |
| 700 | 1 | |a Crosby, Neil | |
| 999 | |a 0000003468 |b BOOK |c Open Shelf |e Default branch | ||
| 999 | |a 0000006043 |b BOOK |c Open Shelf |e Default branch | ||
| 999 | |a 0000021815 |b BOOK |c Open Shelf |e Default branch | ||